Ordinary differential Equations (Record no. 181936)
[ view plain ]
| 000 -LEADER | |
|---|---|
| fixed length control field | 00868 a2200193 4500 |
| 003 - CONTROL NUMBER IDENTIFIER | |
| control field | Nust |
| 005 - DATE AND TIME OF LATEST TRANSACTION | |
| control field | 20170207153230.0 |
| 010 ## - LIBRARY OF CONGRESS CONTROL NUMBER | |
| LC control number | 637401 |
| 040 ## - CATALOGING SOURCE | |
| Transcribing agency | Nust |
| 082 ## - DEWEY DECIMAL CLASSIFICATION NUMBER | |
| Classification number | 515.352 |
| 100 ## - MAIN ENTRY--PERSONAL NAME | |
| Personal name | Morris Tenenbaum |
| 245 ## - TITLE STATEMENT | |
| Title | Ordinary differential Equations |
| Statement of responsibility, etc. | Morris Tenenbaum |
| 260 ## - PUBLICATION, DISTRIBUTION, ETC. | |
| Place of publication, distribution, etc. | New york |
| Name of publisher, distributor, etc. | Harper international |
| Date of publication, distribution, etc. | 1963 |
| 300 ## - PHYSICAL DESCRIPTION | |
| Extent | 807p |
| 505 ## - FORMATTED CONTENTS NOTE | |
| Formatted contents note | Basic Concepts (Page-1), Special Types Of Differential Equations Of The First Order (Page-46), Problems Leading To Differential Equations Of The First Order (Page-107), Linear Differential Equations Of Order Greater Than One (Page-196), Operators And Laplace Transforms (Page-250), Problem Leading To Linear Differential Equations (Page-313), Series Methods (Page-531), Numerical Methods (Page-631). |
| 538 ## - SYSTEM DETAILS NOTE | |
| System details note | Almirah No.13 Shelf No. 5 |
| 600 ## - SUBJECT ADDED ENTRY--PERSONAL NAME | |
| Personal name | Morris Tenebaum |
| 650 ## - SUBJECT ADDED ENTRY--TOPICAL TERM | |
| Topical term or geographic name entry element | Differential Equations |
| 942 ## - ADDED ENTRY ELEMENTS (KOHA) | |
| Source of classification or shelving scheme | |
| Koha item type | Book |
| Withdrawn status | Lost status | Source of classification or shelving scheme | Damaged status | Not for loan | Permanent Location | Current Location | Date acquired | Full call number | Barcode | Date last seen | Price effective from | Koha item type | Public note |
|---|---|---|---|---|---|---|---|---|---|---|---|---|---|
| Military College of Signals (MCS) | Military College of Signals (MCS) | 12/12/2016 | 515.352,TEN | MCS7686 | 12/08/2016 | 12/12/2016 | Book | Almirah No.82, Shelf No.4 |
